Сравнение электроемкости валового регионального продукта субъектов Сибирского федерального округа; Энергетика: эффективность, надежность, безопасность; Т. 2

Бібліографічні деталі
Parent link:Энергетика: эффективность, надежность, безопасность: сборник трудов XIX Всероссийской научно-технической конференции, 4-6 декабря 2013 г., Томск/ Национальный исследовательский Томский политехнический университет (ТПУ) [и др.].— , 2013
Т. 2.— [С. 89-92]
Автор: Чекмарева Н. М.
Співавтор: Национальный исследовательский Томский политехнический университет (ТПУ) Энергетический институт (ЭНИН) Региональный учебно-научно-технологический центр ресурсосбережения (РЦР)
Інші автори: Волков М. В. Михаил Валерьевич
Резюме:Заглавие с титульного экрана
Мова:Російська
Опубліковано:
Серія:Энергетическая безопасность и энергосбережение
Предмети:
Онлайн доступ:http://www.lib.tpu.ru/fulltext/c/2013/C15/V2/033.pdf
Формат: Електронний ресурс Частина з книги
KOHA link:https://koha.lib.tpu.ru/cgi-bin/koha/opac-detail.pl?biblionumber=604110

MARC

LEADER 00000naa2a2200000 4500
001 604110
005 20260205144606.0
035 |a (RuTPU)RU\TPU\conf\1362 
035 |a RU\TPU\conf\1361 
090 |a 604110 
100 |a 20140221d2013 k y0rusy50 ca 
101 0 |a rus 
102 |a RU 
135 |a drnn ---uucaa 
181 0 |a i  
182 0 |a b 
200 1 |a Сравнение электроемкости валового регионального продукта субъектов Сибирского федерального округа  |f Н. М. Чекмарева, М. В. Волков 
203 |a Текст  |c электронный 
225 1 |a Энергетическая безопасность и энергосбережение 
300 |a Заглавие с титульного экрана 
320 |a [Библиогр.: с. 92 (1 назв.)] 
337 |a Adobe Reader 
461 1 |0 (RuTPU)RU\TPU\conf\562  |t Энергетика: эффективность, надежность, безопасность  |o сборник трудов XIX Всероссийской научно-технической конференции, 4-6 декабря 2013 г., Томск  |o в 2 т.  |f Национальный исследовательский Томский политехнический университет (ТПУ) [и др.]   |d 2013 
463 1 |0 (RuTPU)RU\TPU\conf\565  |t Т. 2  |f под ред. В. В. Литвака [и др.]   |v [С. 89-92] 
610 1 |a труды учёных ТПУ 
610 1 |a электронный ресурс 
610 1 |a электроемкость 
610 1 |a Сибирский федеральный округ 
610 1 |a валовый региональный продукт 
700 1 |a Чекмарева  |b Н. М. 
701 1 |a Волков  |b М. В.  |c специалист в области технологий ресурсосбережения  |c ведущий электроник Томского политехнического университета  |f 1976-  |g Михаил Валерьевич  |3 (RuTPU)RU\TPU\pers\27066 
712 0 2 |a Национальный исследовательский Томский политехнический университет (ТПУ)  |b Энергетический институт (ЭНИН)  |b Региональный учебно-научно-технологический центр ресурсосбережения (РЦР)  |3 (RuTPU)RU\TPU\col\19222 
801 2 |a RU  |b 63413507  |c 20150402  |g RCR 
856 4 |u http://www.lib.tpu.ru/fulltext/c/2013/C15/V2/033.pdf 
942 |c CF